Smaller wounds

Bibliographic Details
Corporate Author: M.T.S. Art Ensemble (Performer)
Other Authors: Ryba, Pavel Jakub, 1961- (Musician)
Format: CD Audio
Language:English
PhysicalDescription:1 zvuková platňa stereo, digital 12 cm
Published: Košice Hevhetia 2002
Subjects:

MARC

LEADER 00000njm a2200000 a 4500
001 vtls008702570
003 SK-MaSNL
005 20260331205326.0
007 sd fsngmnmmned
008 060522s2002 xo jzuugs eng
028 1 2 |a 0001-2-331  |b HV 
040 |a SNK  |b slo  |c SNK  |e AACR2 
041 0 |a eng 
044 |a xo  |c SK 
072 7 |a 78  |x Hudba  |2 konspekt 
080 |a 78.036  |2 2001 
080 |a (086.76)  |2 2001 
100 1 |a Ryba, Pavel Jakub,  |d 1961-  |4 mus  |9 663171 
245 1 0 |a Smaller wounds  |h zvukový záznam 
260 |a Košice  |b Hevhetia  |c 2002 
300 |a 1 zvuková platňa  |b stereo, digital  |c 12 cm 
505 0 |a Obsahuje 5 piesní 
511 0 |a Účinkujú: Pavel Jakub Ryba a M.T.S. Art Ensemble 
518 |a Nahraté: Jún 2001 - august 2002 Faust Studio - Praha, Sklep Studio - Kolín 
650 0 7 |a džez  |2 SNKPH  |9 3178 
655 7 |a kompaktné platne  |2 SNKPH  |9 70690 
710 2 |a M.T.S. Art Ensemble  |4 prf  |9 663172 
999 |c 1024754  |d 1026684 
952 |a SNK  |b SNK  |y PREZ  |7 0  |p 17A0511060  |o snkSCD 1931  |i snk2006/10184  |8 3  |g 13.68  |0 0  |1 0  |4 0  |d 2006-05-22  |l 0  |r 2026-02-24 13:35:35  |w 2026-02-24